00806cam a2200241 a 450000100060000000300080000600500170001400800390003102000180007003500190008804000320010704100080013908200210014710000180016824500940018625000120028026000710029230000340036349000460039750400200044352000560046365000450051913745BD-RjUL20211208235515.0140201s2011 xxuab 001 0ceng a9789842001673 a(BD-RjUL)13797 aDLCcDLCdDLCdBD-RjULbeng aeng a920.72bDIA 20111 aDil, Anwar S.10aBangladesh, an intercultural panorama /cAnwar Dil ; foreword by Serajul Islam Choudhury. a1st ed. aCalifornia :bIntercultural Forum ;aDhaka :bAdorn Books,cc2011. a407 p. :bill., map ;c24 cm.0 aContributions to Bangladesh studies ;v10 aIncludes index. aBiographies of six Bengali authors from Bangladesh. 0aAuthors, BengalizBangladeshvBiography.